Dewey Decimal Classification (Record no. 821717)

MARC details
000 -LEADER
fixed length control field 00321pam a2200145 a 4500
020 ## - INTERNATIONAL STANDARD BOOK NUMBER
Terms of availability
041 ## - LANGUAGE CODE
Language code of original
082 ## - DEWEY DECIMAL CLASSIFICATION NUMBER
Classification number -
100 ## - MAIN ENTRY--PERSONAL NAME
Personal name DEWEY (Melvil)
Relator term author
245 ## - TITLE STATEMENT
Title Dewey Decimal Classification
Medium Textual Document
250 ## - EDITION STATEMENT
Edition statement 21st
260 ## - PUBLICATION, DISTRIBUTION, ETC.
Name of publisher, distributor, etc. Forest Press New York
Date of publication, distribution, etc. 1996
300 ## - PHYSICAL DESCRIPTION
Extent LXI,625
930 ## - EQUIVALENCE OR CROSS-REFERENCE-UNIFORM TITLE HEADING [LOCAL, CANADA]
Uniform title 2503
Holdings
Withdrawn status Lost status Damaged status Not for loan Collection Home library Current library Date acquired Source of acquisition Cost, normal purchase price Total Checkouts Full call number Barcode Date last seen Copy number Price effective from Koha item type
          Institute of Management & Research, New Delhi Institute of Management & Research, New Delhi 29/03/2001 Times Marketing 19639.00   - IMD-26PB0007496 17/08/2023 1 17/08/2023 Book